[Event "SV Welper 2 - SV Königsspringer Haltern"]
[Site "Verbandsklasse - Gruppe 2 202"]
[Date "2022.05.01"]
[Round "8.5"]
[White "Eusgeld, Michael"]
[Black "Sharma, Rakesh"]
[Result "1/2-1/2"]
[WhiteElo "1743"]
[BlackElo "1762"]
[PlyCount "27"]
[EventDate "2022.??.??"]
[WhiteTeam "SV Königsspringer Haltern 1"]
[BlackTeam "SV Welper 2"]

1. d4 c6 2. c4 d5 3. cxd5 cxd5 4. Nc3 Nf6 5. Nf3 Nc6 6. e3 Bf5 7. a3 e6 8. Be2
a6 9. O-O Bd6 10. b4 Qc7 11. Bb2 O-O 12. Rc1 Ne4 13. h3 h6 14. Nxe4 1/2-1/2

[Event "SV Welper 2 - SV Königsspringer Haltern"]
[Site "Verbandsklasse - Gruppe 2 202"]
[Date "2022.05.01"]
[Round "8.6"]
[White "Kleff, Tim"]
[Black "Poeter, Manfred"]
[Result "1-0"]
[WhiteElo "1680"]
[BlackElo "1762"]
[PlyCount "155"]
[EventDate "2022.??.??"]
[WhiteTeam "SV Welper 2"]
[BlackTeam "SV Königsspringer Haltern 1"]

1. d4 d5 2. c4 e6 3. Nc3 Nf6 4. Bg5 Be7 5. Qc2 c6 6. e3 Nbd7 7. Nf3 O-O 8. Bd3
h6 9. Bh4 dxc4 10. Bxc4 Nd5 11. Bg3 N7b6 12. Bb3 Nxc3 13. bxc3 Nd5 14. O-O f5
15. Rfe1 Bd6 16. Ne5 f4 17. exf4 Nxf4 18. Re4 Nh5 19. Bh4 Qe8 20. Rae1 Nf6 21.
R4e3 Qh5 22. Rh3 Qe8 23. Rg3 Bxe5 24. Rxe5 Nd5 25. Qd2 Rf4 26. Rh3 Rf5 27. Re1
Nf4 28. Rf3 g5 29. Bg3 Qg6 30. Bc2 Nh5 31. Bxf5 exf5 32. Bc7 Be6 33. Rfe3 Bd5
34. Qe2 Be4 35. Qc4+ Bd5 36. Qe2 Be4 37. f3 Nf4 38. Qd2 Bd5 39. Re7 Ne6 40. Be5
b5 41. h3 h5 42. Rf1 g4 43. fxg4 hxg4 44. hxg4 Qxg4 45. Rf2 Qh5 46. Qe3 Qd1+
47. Kh2 Qh5+ 48. Qh3 Qxh3+ 49. gxh3 a5 50. a3 b4 51. cxb4 axb4 52. axb4 f4 53.
Bxf4 Nxd4 54. Bd6 Nf3+ 55. Kg3 Ra3 56. Kf4 Nh4 57. Re8+ Kh7 58. Kg4 Ng2 59. h4
Ne3+ 60. Kg5 Nc4 61. Bc7 Rf3 62. Rxf3 Bxf3 63. Rf8 Bd5 64. h5 Kg7 65. Rf6 Nd2
66. Rg6+ Kh7 67. Kf6 Ne4+ 68. Ke7 Nc3 69. Kf8 Be4 70. Rg3 Nd5 71. Bd6 Nf6 72.
Re3 Bd5 73. Rh3 Ne4 74. Bf4 Nf6 75. h6 Kg6 76. Rg3+ Kh7 77. Rg7+ Kh8 78. Be5
1-0

[Event "SV Welper 2 - SV Königsspringer Haltern"]
[Site "Verbandsklasse - Gruppe 2 202"]
[Date "2022.05.01"]
[Round "8.7"]
[White "Truszkowski, Hans"]
[Black "Krummsdorf, Joerg"]
[Result "1/2-1/2"]
[WhiteElo "1696"]
[BlackElo "1795"]
[PlyCount "46"]
[EventDate "2022.??.??"]
[WhiteTeam "SV Königsspringer Haltern 1"]
[BlackTeam "SV Welper 2"]

1. d4 d5 2. c4 e6 3. Nf3 c6 4. e3 Bd6 5. Nc3 f5 6. Be2 Nd7 7. Qc2 Nh6 8. Bd2
O-O 9. g3 Qe7 10. O-O-O b6 11. Kb1 Bb7 12. Qb3 Ng4 13. Be1 Kh8 14. h3 Ngf6 15.
Rg1 Ne4 16. Nd2 Nxc3+ 17. Qxc3 c5 18. f4 cxd4 19. exd4 Rac8 20. Qe3 Nf6 21. b3
Ne4 22. Nxe4 dxe4 23. Bc3 a5 1/2-1/2

[Event "SV Welper 2 - SV Königsspringer Haltern"]
[Site "Verbandsklasse - Gruppe 2 202"]
[Date "2022.05.01"]
[Round "8.8"]
[White "Nuernberger, David"]
[Black "Rath, Michael"]
[Result "0-1"]
[WhiteElo "1554"]
[BlackElo "1751"]
[PlyCount "92"]
[EventDate "2022.??.??"]
[WhiteTeam "SV Welper 2"]
[BlackTeam "SV Königsspringer Haltern 1"]

1. e4 e6 2. d4 b6 3. c4 Bb7 4. Nc3 Bb4 5. Qc2 Nf6 6. Bd3 Qe7 7. Nf3 c5 8. O-O
cxd4 9. Nb5 Qd8 10. Bf4 Nh5 11. Bc7 Qc8 12. Bd6 a6 13. Nc7+ Kd8 14. Nxa8 Bxd6
15. Nxb6 Qc7 16. Na4 Nf4 17. c5 Be7 18. b4 Nc6 19. a3 g5 20. b5 axb5 21. Bxb5
g4 22. Nd2 Ne5 23. Nb2 f5 24. Nd3 Nh3+ 25. Kh1 fxe4 26. Nxe5 Qxe5 27. Rae1 Ng5
28. f4 gxf3 29. Nxf3 Nxf3 30. Rxf3 Qd5 31. Rg3 d3 32. Qd2 Bh4 33. Qh6 Bxg3 34.
Qf6+ Kc7 35. hxg3 e3 36. c6 d2 37. Qf4+ e5 38. Qxe3 dxe1=Q+ 39. Qxe1 dxc6 40.
Be2 Rf8 41. Qb4 Rf2 42. Qe7+ Kb8 43. Bf3 Rxf3 44. gxf3 Qxf3+ 45. Kh2 Qf2+ 46.
Kh3 Bc8+ 0-1

[Event "SV Eichlinghofen 2 - SF Buer 1"]
[Site "Verbandsklasse - Gruppe 2 202"]
[Date "2022.05.01"]
[Round "8.1"]
[White "Große-Frintrop, Gerd"]
[Black "Zachos, Ingo"]
[Result "1/2-1/2"]
[WhiteElo "2001"]
[BlackElo "1963"]
[PlyCount "68"]
[EventDate "2022.??.??"]
[WhiteTeam "SF Buer 1"]
[BlackTeam "SV Eichlinghofen 2"]

1. d4 Nf6 2. c4 g6 3. Nc3 d6 4. e4 Bg7 5. f3 O-O 6. Bg5 c5 7. Nge2 Qa5 8. Qd2
Nbd7 9. Nd5 Qxd2+ 10. Kxd2 Nxd5 11. cxd5 Re8 12. Be3 b6 13. Rb1 Ba6 14. dxc5
bxc5 15. Nc3 Bxf1 16. Rhxf1 Reb8 17. b3 Rb7 18. a4 Rab8 19. Kc2 Re8 20. Nb5 Nb6
21. Rfc1 f5 22. Na3 fxe4 23. fxe4 Reb8 24. Bf4 Rf8 25. Rf1 Re8 26. a5 Nd7 27.
Nc4 Nf6 28. Rfe1 Rf8 29. Bd2 Ng4 30. h3 Ne5 31. Nxe5 Bxe5 32. Rf1 e6 33. Rxf8+
Kxf8 34. Rf1+ Kg7 1/2-1/2

[Event "SV Eichlinghofen 2 - SF Buer 1"]
[Site "Verbandsklasse - Gruppe 2 202"]
[Date "2022.05.01"]
[Round "8.2"]
[White "Witthaus, Martin"]
[Black "Renk, Christoph"]
[Result "0-1"]
[WhiteElo "1753"]
[BlackElo "1970"]
[PlyCount "46"]
[EventDate "2022.??.??"]
[WhiteTeam "SV Eichlinghofen 2"]
[BlackTeam "SF Buer 1"]

1. d4 Nf6 2. c4 e6 3. Nc3 d5 4. Bf4 c6 5. e3 dxc4 6. Bxc4 b5 7. Bd3 Nbd7 8. a3
b4 9. axb4 Bxb4 10. Qa4 Qb6 11. Nge2 O-O 12. O-O a5 13. Ne4 Nxe4 14. Bxe4 Ba6
15. Bf3 Bb5 16. Qb3 Qa6 17. Qxb4 axb4 18. Rxa6 Rxa6 19. Bd6 Re8 20. Bxb4 e5 21.
Rc1 e4 22. Bxe4 Rxe4 23. Nc3 Re8 0-1

[Event "SV Eichlinghofen 2 - SF Buer 1"]
[Site "Verbandsklasse - Gruppe 2 202"]
[Date "2022.05.01"]
[Round "8.3"]
[White "Kreitling, Oliver"]
[Black "Scholz, Benedict"]
[Result "1-0"]
[WhiteElo "1882"]
[BlackElo "1615"]
[PlyCount "89"]
[EventDate "2022.??.??"]
[WhiteTeam "SF Buer 1"]
[BlackTeam "SV Eichlinghofen 2"]

1. d4 Nf6 2. c4 g6 3. Nc3 Bg7 4. e4 d6 5. f3 O-O 6. Be3 c5 7. Nge2 Nc6 8. Qd2
Qa5 9. d5 Ne5 10. Nc1 a6 11. Be2 Bd7 12. O-O b5 13. cxb5 axb5 14. a3 Rfb8 15.
Nb3 Qb6 16. Qc2 Nc4 17. Bf2 e6 18. dxe6 Bxe6 19. Nd2 Nd7 20. Nxc4 bxc4 21. Rab1
Qb3 22. Rfc1 Rb7 23. Qd2 Bxc3 24. Rxc3 Qa2 25. Qc1 Rab8 26. Rc2 Qxa3 27. Be1
Qa6 28. Bc3 f6 29. Ra1 Qb6 30. Qf4 Kg7 31. Rd2 Ne5 32. Rad1 Rd8 33. Qh4 g5 34.
Qg3 h6 35. f4 Nf7 36. Bh5 d5 37. exd5 Bf5 38. fxg5 hxg5 39. Bxf7 Kxf7 40. Rf2
Bd3 41. Qxg5 f5 42. Qg7+ Ke8 43. Re1+ Be4 44. Rxe4+ fxe4 45. Rf8# 1-0

[Event "SV Eichlinghofen 2 - SF Buer 1"]
[Site "Verbandsklasse - Gruppe 2 202"]
[Date "2022.05.01"]
[Round "8.4"]
[White "Milkert, Sascha"]
[Black "Olschewski, Niklas"]
[Result "1-0"]
[WhiteElo "1673"]
[BlackElo "1701"]
[PlyCount "93"]
[EventDate "2022.??.??"]
[WhiteTeam "SV Eichlinghofen 2"]
[BlackTeam "SF Buer 1"]

1. d4 Nf6 2. Bf4 d5 3. Nf3 e6 4. e3 Bd6 5. Bg3 O-O 6. Bd3 b6 7. Nbd2 Ba6 8.
Bxa6 Nxa6 9. c3 c5 10. Ne5 Qc7 11. O-O Rac8 12. Qe2 Nb8 13. Rad1 Nc6 14. Nxc6
Bxg3 15. Ne7+ Qxe7 16. hxg3 Rfd8 17. Rb1 e5 18. Nf3 Ng4 19. dxe5 Nxe5 20. Rfd1
Qe6 21. Nxe5 Qxe5 22. Rd2 Rc7 23. Rbd1 Rcd7 24. f4 Qe4 25. Qf3 Qxf3 26. gxf3
Kf8 27. e4 d4 28. cxd4 Rxd4 29. Rxd4 cxd4 30. Kf2 Ke7 31. Ke2 b5 32. Kd3 Rc8
33. Rd2 Rc4 34. Rc2 Rxc2 35. Kxc2 Kd6 36. b4 h5 37. Kd3 g6 38. Kxd4 f6 39. e5+
fxe5+ 40. fxe5+ Ke6 41. f4 Kf5 42. Kd5 Kg4 43. e6 Kxg3 44. Ke5 h4 45. e7 h3 46.
e8=Q h2 47. Qxg6+ 1-0

[Event "SV Eichlinghofen 2 - SF Buer 1"]
[Site "Verbandsklasse - Gruppe 2 202"]
[Date "2022.05.01"]
[Round "8.5"]
[White "Seppelfricke, Guido"]
[Black "Wolf, Hermann"]
[Result "1-0"]
[WhiteElo "1851"]
[BlackElo "1400"]
[PlyCount "62"]
[EventDate "2022.??.??"]
[WhiteTeam "SF Buer 1"]
[BlackTeam "SV Eichlinghofen 2"]

1. e4 e6 2. d4 d5 3. exd5 exd5 4. Nf3 Nf6 5. Bg5 Be7 6. c3 O-O 7. Bd3 Nbd7 8.
O-O c6 9. Nbd2 Re8 10. Qc2 h6 11. Bh4 Nb6 12. Rfe1 Bd7 13. Re2 Rc8 14. Rae1 Kf8
15. Ne5 Be6 16. Ng6+ Kg8 17. Nxe7+ Rxe7 18. Bxf6 gxf6 19. Re3 Kh8 20. Bf5 Nc4
21. Nxc4 Qd7 22. Bxe6 fxe6 23. Nd2 Rg8 24. Rg3 Rg5 25. Rxg5 hxg5 26. Qg6 Rf7
27. Re3 Qe7 28. Rh3+ Rh7 29. Rxh7+ Qxh7 30. Qxf6+ Qg7 31. Qxg7+ Kxg7 1-0

[Event "SV Eichlinghofen 2 - SF Buer 1"]
[Site "Verbandsklasse - Gruppe 2 202"]
[Date "2022.05.01"]
[Round "8.6"]
[White "Richter, Tim"]
[Black "Momot, Martin"]
[Result "1-0"]
[WhiteElo "1193"]
[BlackElo "1726"]
[PlyCount "67"]
[EventDate "2022.??.??"]
[WhiteTeam "SV Eichlinghofen 2"]
[BlackTeam "SF Buer 1"]

1. g3 d5 2. d4 Nf6 3. Bg2 c6 4. Nf3 e6 5. O-O Bd6 6. Bg5 Nbd7 7. Nbd2 h6 8.
Bxf6 Nxf6 9. c4 O-O 10. c5 Bc7 11. b4 Nd7 12. e4 dxe4 13. Nxe4 Nf6 14. Ne5 Bxe5
15. dxe5 Qxd1 16. Rfxd1 Ng4 17. f4 Ne3 18. Rd3 Nd5 19. Rb1 Bd7 20. Nd6 Rfb8 21.
Bxd5 exd5 22. f5 a5 23. a3 axb4 24. axb4 Ra2 25. Re1 Rba8 26. e6 fxe6 27. fxe6
Be8 28. e7 Rb2 29. Rf3 Raa2 30. Nxe8 Rg2+ 31. Kf1 Rxh2 32. Nf6+ gxf6 33. e8=Q+
Kg7 34. Re7# 1-0

[Event "SV Eichlinghofen 2 - SF Buer 1"]
[Site "Verbandsklasse - Gruppe 2 202"]
[Date "2022.05.01"]
[Round "8.7"]
[White "Ebert, Manfred"]
[Black "Verch, Jake"]
[Result "1-0"]
[WhiteElo "1865"]
[BlackElo "1152"]
[PlyCount "53"]
[EventDate "2022.??.??"]
[WhiteTeam "SF Buer 1"]
[BlackTeam "SV Eichlinghofen 2"]

1. c4 d6 2. g3 Nf6 3. Bg2 g6 4. Nc3 c6 5. d4 Bg7 6. e4 O-O 7. Nge2 e5 8. O-O
Na6 9. h3 c5 10. dxe5 dxe5 11. Be3 Be6 12. Nd5 Qa5 13. a3 Bxd5 14. exd5 b5 15.
b4 Qb6 16. Nc3 bxc4 17. bxc5 Qd8 18. Qa4 e4 19. Rad1 Nc7 20. Qxc4 Re8 21. d6
Ne6 22. Nxe4 Nxe4 23. Bxe4 Rb8 24. c6 Qf6 25. c7 Nxc7 26. dxc7 Rbc8 27. Bb7 1-0

[Event "SV Eichlinghofen 2 - SF Buer 1"]
[Site "Verbandsklasse - Gruppe 2 202"]
[Date "2022.05.01"]
[Round "8.8"]
[White "Bilau, Max"]
[Black "Licher, Johannes"]
[Result "1-0"]
[WhiteElo "1642"]
[BlackElo "1529"]
[PlyCount "67"]
[EventDate "2022.??.??"]
[WhiteTeam "SV Eichlinghofen 2"]
[BlackTeam "SF Buer 1"]

1. d4 Nf6 2. Nc3 d5 3. Bf4 c6 4. e3 g6 5. Bd3 Bg7 6. h4 h5 7. Qd2 Nbd7 8. Nf3
b6 9. Ne5 Nxe5 10. Bxe5 Bb7 11. O-O-O Qd7 12. Kb1 O-O-O 13. a4 Rhg8 14. Rc1 Ne8
15. Bg3 Nd6 16. Qe2 f5 17. Ba6 Rde8 18. Bxd6 Qxd6 19. f4 Kb8 20. Na2 Rc8 21.
Bxb7 Kxb7 22. Rhd1 Rgd8 23. c4 e6 24. c5 Qb8 25. cxb6 a6 26. Nb4 Qa8 27. a5 Bf8
28. Nd3 Bd6 29. Rc2 Qb8 30. Rdc1 Be7 31. Ne5 Qd6 32. Nxc6 Rd7 33. Nxe7 Rxc2 34.
Qxc2 1-0

[Event "SC Rochade Rüttenscheid 1 - SV Horst-Em"]
[Site "Verbandsklasse - Gruppe 2 202"]
[Date "2022.05.01"]
[Round "8.1"]
[White "Becker, Marco"]
[Black "Michalek, Christoph"]
[Result "0-1"]
[WhiteElo "1925"]
[BlackElo "2141"]
[PlyCount "58"]
[EventDate "2022.??.??"]
[WhiteTeam "SV Horst-Emscher 2"]
[BlackTeam "SC Rochade Rüttenscheid 1"]

1. e4 c5 2. g3 d5 3. Nc3 dxe4 4. Nxe4 Nc6 5. Bg2 e5 6. d3 Qc7 7. Ne2 f6 8. O-O
Bg4 9. h3 Bh5 10. g4 Bf7 11. N2g3 O-O-O 12. Be3 h5 13. Nxc5 Bxc5 14. Bxc5 Nge7
15. Bxe7 Nxe7 16. a4 Nd5 17. Ra3 Kb8 18. Rb3 hxg4 19. hxg4 e4 20. Bxe4 Ne3 21.
Qf3 Bxb3 22. Qxe3 Qxc2 23. d4 Qc4 24. Rc1 Qb4 25. Rc5 Bxa4 26. Qf4+ Ka8 27. Qc7
Qb6 28. Qxg7 Rhg8 29. Qe7 Rd7 0-1

[Event "SC Rochade Rüttenscheid 1 - SV Horst-Em"]
[Site "Verbandsklasse - Gruppe 2 202"]
[Date "2022.05.01"]
[Round "8.2"]
[White "Stanau, Guido"]
[Black "Doenges, Dirk"]
[Result "1-0"]
[WhiteElo "2001"]
[BlackElo "1748"]
[PlyCount "69"]
[EventDate "2022.??.??"]
[WhiteTeam "SC Rochade Rüttenscheid 1"]
[BlackTeam "SV Horst-Emscher 2"]

1. e4 c5 2. Nf3 Nc6 3. c3 e6 4. d4 cxd4 5. cxd4 Bb4+ 6. Nc3 d5 7. e5 Nge7 8. a3
Bxc3+ 9. bxc3 h6 10. Bd3 a6 11. a4 Bd7 12. Ba3 Na5 13. Rb1 Qc8 14. Bc5 Nc4 15.
Bxc4 dxc4 16. a5 Bc6 17. Nd2 Bd5 18. f3 Qd8 19. Qa4+ Bc6 20. Qa3 Bd5 21. Rb6
Nf5 22. Qa4+ Qd7 23. Qxd7+ Kxd7 24. Ke2 Rhc8 25. Ne4 h5 26. Rhb1 Rc7 27. Bd6
Rcc8 28. Nc5+ Rxc5 29. Bxc5 g5 30. Rxb7+ Bxb7 31. Rxb7+ Ke8 32. g4 hxg4 33.
fxg4 Nh6 34. Kf3 Ng8 35. h3 1-0

[Event "SC Rochade Rüttenscheid 1 - SV Horst-Em"]
[Site "Verbandsklasse - Gruppe 2 202"]
[Date "2022.05.01"]
[Round "8.3"]
[White "Hiebsch, Catalina"]
[Black "Dorgarten, Armin"]
[Result "0-1"]
[WhiteElo "1775"]
[BlackElo "1947"]
[PlyCount "111"]
[EventDate "2022.??.??"]
[WhiteTeam "SV Horst-Emscher 2"]
[BlackTeam "SC Rochade Rüttenscheid 1"]

1. e4 c5 2. Nc3 Nc6 3. Bb5 Nd4 4. Bc4 g6 5. Nf3 Bg7 6. d3 d6 7. h3 e6 8. O-O
Ne7 9. Nxd4 cxd4 10. Ne2 O-O 11. Bg5 h6 12. Bd2 d5 13. Bb3 a5 14. c3 dxc3 15.
Bxc3 d4 16. Be1 Bd7 17. f4 a4 18. Bc2 Qb6 19. b3 a3 20. Rc1 Bb5 21. Bb1 Nc6 22.
Bf2 Qd8 23. Rc5 Ba6 24. Qd2 Qd7 25. Rfc1 Rfd8 26. e5 Bf8 27. R5c2 Bb4 28. Qd1
Be7 29. Ng3 Qd5 30. Ne4 Kg7 31. Nc5 Ra7 32. Nxa6 Rxa6 33. Be1 Rf8 34. Rc4 f6
35. exf6+ Bxf6 36. Rc5 Qd7 37. Qg4 Be7 38. R5c2 Bd6 39. g3 Raa8 40. Re2 Rae8
41. h4 h5 42. Qh3 Rf5 43. Bd2 e5 44. Rce1 Ref8 45. Rf1 Qf7 46. Ref2 exf4 47.
gxf4 Ne5 48. Re2 Ng4 49. Rfe1 Qd5 50. Bc2 R8f7 51. Qg2 Qxg2+ 52. Kxg2 Bxf4 53.
Bb4 Be3 54. Bd1 Rf2+ 55. Rxf2 Rxf2+ 56. Kg1 0-1

[Event "SC Rochade Rüttenscheid 1 - SV Horst-Em"]
[Site "Verbandsklasse - Gruppe 2 202"]
[Date "2022.05.01"]
[Round "8.4"]
[White "Scharenberg, Rainer"]
[Black "Konietzka, Bernd"]
[Result "1-0"]
[WhiteElo "2052"]
[BlackElo "1890"]
[PlyCount "71"]
[EventDate "2022.??.??"]
[WhiteTeam "SC Rochade Rüttenscheid 1"]
[BlackTeam "SV Horst-Emscher 2"]

1. c4 Nf6 2. Nc3 c5 3. g3 Nc6 4. Bg2 e6 5. Nf3 Be7 6. O-O O-O 7. d4 cxd4 8.
Nxd4 a6 9. e4 Qc7 10. b3 Nxd4 11. Qxd4 Bc5 12. Qd3 d6 13. h3 h6 14. g4 Nd7 15.
Bf4 e5 16. Bd2 Bd4 17. Rac1 Nc5 18. Qg3 Ne6 19. Ne2 Ba7 20. Be3 Bd7 21. Rfd1
Bc6 22. Bxa7 Rxa7 23. Qe3 b6 24. Rc2 Rd8 25. h4 f6 26. Bh3 g5 27. f3 Qb8 28.
Ng3 Nf4 29. Bf1 Rb7 30. Nf5 b5 31. Rcd2 d5 32. exd5 Bd7 33. Bd3 Bxf5 34. Bxf5
Rg7 35. c5 e4 36. d6 1-0

[Event "SC Rochade Rüttenscheid 1 - SV Horst-Em"]
[Site "Verbandsklasse - Gruppe 2 202"]
[Date "2022.05.01"]
[Round "8.5"]
[White "Schreiner, Paulo"]
[Black "Koprek, Juergen"]
[Result "1/2-1/2"]
[WhiteElo "1796"]
[BlackElo "1882"]
[PlyCount "166"]
[EventDate "2022.??.??"]
[WhiteTeam "SV Horst-Emscher 2"]
[BlackTeam "SC Rochade Rüttenscheid 1"]

1. d4 d5 2. c4 e6 3. Nc3 Nf6 4. cxd5 exd5 5. Bg5 Be7 6. e3 c6 7. Bd3 Nbd7 8.
Qc2 O-O 9. Nge2 Re8 10. O-O Nf8 11. f3 Nh5 12. Bxe7 Qxe7 13. e4 dxe4 14. fxe4
Be6 15. e5 Rad8 16. Ne4 Bd5 17. Nd6 Qg5 18. Nc3 Qe3+ 19. Qf2 Qxf2+ 20. Rxf2
Rxd6 21. exd6 Nf6 22. Nxd5 Nxd5 23. Bc4 Rd8 24. Bxd5 cxd5 25. Rc1 Ne6 26. d7
Rxd7 27. Rc8+ Nd8 28. Re2 Kf8 29. Kf2 g6 30. Rec2 Ke7 31. R8c7 Ne6 32. Rxd7+
Kxd7 33. Ke3 b6 34. g4 Ng5 35. h4 Ne4 36. Kf4 Nd6 37. b3 f6 38. g5 fxg5+ 39.
hxg5 Nf5 40. Rh2 Nxd4 41. Rxh7+ Kd6 42. Rxa7 b5 43. Ra6+ Nc6 44. a4 Kc5 45.
Rxc6+ Kxc6 46. axb5+ Kxb5 47. Ke5 Kc5 48. b4+ Kc4 49. b5 d4 50. b6 d3 51. b7 d2
52. b8=Q d1=Q 53. Qc7+ Kb5 54. Qb7+ Kc5 55. Qe7+ Kc4 56. Qe6+ Kc5 57. Qxg6 Qd4+
58. Ke6 Qd5+ 59. Kf6 Qd4+ 60. Kf7 Qd7+ 61. Kg8 Qd5+ 62. Kh8 Qh1+ 63. Kg7 Qb7+
64. Kh6 Qh1+ 65. Qh5 Qc1 66. Kh7 Kd6 67. Qh6+ Ke7 68. g6 Qc2 69. Qg7+ Kd6 70.
Qf6+ Kd5 71. Kg8 Qc8+ 72. Qf8 Qh3 73. Qf7+ Ke5 74. g7 Qc8+ 75. Kh7 Qh3+ 76. Kg6
Qg3+ 77. Kh6 Qe3+ 78. Kh7 Qh3+ 79. Kg8 Qc8+ 80. Qf8 Qe6+ 81. Kh7 Qh3+ 82. Kg6
Qg3+ 83. Kf7 Qb3+ 1/2-1/2

[Event "SC Rochade Rüttenscheid 1 - SV Horst-Em"]
[Site "Verbandsklasse - Gruppe 2 202"]
[Date "2022.05.01"]
[Round "8.6"]
[White "Furchtbar, Uwe"]
[Black "Rydzewski, Klaus"]
[Result "1-0"]
[WhiteElo "1848"]
[BlackElo "1841"]
[PlyCount "69"]
[EventDate "2022.??.??"]
[WhiteTeam "SC Rochade Rüttenscheid 1"]
[BlackTeam "SV Horst-Emscher 2"]

1. c4 e6 2. Nc3 f5 3. e3 Nf6 4. g3 c6 5. Bg2 d5 6. b3 Bd6 7. Qc2 O-O 8. Nge2
Na6 9. a3 Bd7 10. d3 Rc8 11. f4 e5 12. O-O e4 13. d4 c5 14. Qa2 Be6 15. cxd5
Nxd5 16. Nxd5 Bxd5 17. Nc3 Bf7 18. d5 Nc7 19. Rd1 Qd7 20. Bf1 Rfd8 21. Qd2 b5
22. a4 a6 23. axb5 axb5 24. Ra7 Rb8 25. Bb2 Qc8 26. Ra5 Rb6 27. Nxb5 Nxd5 28.
Bc4 Be7 29. Ra7 Nxe3 30. Bxf7+ Kxf7 31. Qxd8 Qxd8 32. Rxd8 Rxb5 33. Rdd7 Rxb3
34. Rxe7+ Kg6 35. Rxg7+ 1-0

[Event "SC Rochade Rüttenscheid 1 - SV Horst-Em"]
[Site "Verbandsklasse - Gruppe 2 202"]
[Date "2022.05.01"]
[Round "8.7"]
[White "Jacubowski, Andreas"]
[Black "Storp, Thomas"]
[Result "0-1"]
[WhiteElo "1865"]
[BlackElo "1831"]
[PlyCount "92"]
[EventDate "2022.??.??"]
[WhiteTeam "SV Horst-Emscher 2"]
[BlackTeam "SC Rochade Rüttenscheid 1"]

1. e4 e6 2. Qe2 Nc6 3. Nf3 Bc5 4. c3 Nge7 5. g3 d5 6. d3 O-O 7. Bg2 a5 8. O-O
Ng6 9. Rd1 d4 10. Nbd2 e5 11. cxd4 Nxd4 12. Nxd4 Bxd4 13. Nf3 Bg4 14. h3 Bxf3
15. Qxf3 b6 16. Rb1 Qd7 17. Be3 Rad8 18. Bxd4 Qxd4 19. Rd2 c5 20. b3 Ne7 21.
Rbd1 Nc6 22. Qe3 Qd6 23. f4 Qd4 24. Qxd4 Rxd4 25. f5 Rfd8 26. Kf2 f6 27. Ke3
Kf7 28. Bf3 g6 29. g4 Ne7 30. Rg1 Nc6 31. Rgd1 Rb4 32. Rc1 a4 33. Bd1 a3 34.
Bc2 Rbd4 35. Rf1 Nb4 36. Bb1 R4d6 37. Rg1 gxf5 38. gxf5 Rg8 39. Rdg2 Rdd8 40.
Rxg8 Rxg8 41. Rxg8 Kxg8 42. Kd2 Kg7 43. Kc3 b5 44. Kd2 Kh6 45. Kc3 Kg5 46. Kd2
Kf4 0-1

[Event "SC Rochade Rüttenscheid 1 - SV Horst-Em"]
[Site "Verbandsklasse - Gruppe 2 202"]
[Date "2022.05.01"]
[Round "8.8"]
[White "Bruckmann, Jochen"]
[Black "Rohsiepe, Sebastian"]
[Result "1-0"]
[WhiteElo "1786"]
[BlackElo "1629"]
[PlyCount "77"]
[EventDate "2022.??.??"]
[WhiteTeam "SC Rochade Rüttenscheid 1"]
[BlackTeam "SV Horst-Emscher 2"]

1. d4 d5 2. c4 e6 3. Nc3 Nf6 4. Bg5 Be7 5. e3 h6 6. Bxf6 Bxf6 7. Nf3 Nc6 8. Be2
O-O 9. O-O Re8 10. Qc2 a6 11. a3 dxc4 12. Bxc4 Bd7 13. Rad1 Qc8 14. Ne4 Be7 15.
Ng3 g6 16. e4 Bf6 17. e5 Bg7 18. Ne4 Ne7 19. Qd2 Kh7 20. Qf4 Qd8 21. Rd3 Rf8
22. Nfg5+ Kg8 23. Nf6+ Bxf6 24. exf6 Nf5 25. Ne4 Bc6 26. d5 exd5 27. g4 Re8 28.
Re1 Rxe4 29. Rxe4 Nd6 30. Bxd5 Nxe4 31. Bxe4 Qf8 32. Bxc6 bxc6 33. Qxc7 Qe8 34.
Qe7 Qf8 35. Rd7 Re8 36. Qxf8+ Kxf8 37. Rc7 Re6 38. Rc8+ Re8 39. Rxc6 1-0

[Event "SV Wattenscheid 3 - SV Eichlinghofen 1"]
[Site "Verbandsklasse - Gruppe 3 202"]
[Date "2022.05.01"]
[Round "8.1"]
[White "Watzlawek, Markus"]
[Black "Thelen, Thomas"]
[Result "1-0"]
[WhiteElo "2048"]
[BlackElo "2061"]
[PlyCount "77"]
[EventDate "2022.??.??"]
[WhiteTeam "SV Eichlinghofen 1"]
[BlackTeam "SV Wattenscheid 3"]

1. d4 Nf6 2. c4 e6 3. Nc3 d5 4. Nf3 Be7 5. g3 O-O 6. Bg2 c6 7. O-O Nbd7 8. b3
b6 9. Qc2 Bb7 10. Bb2 Rc8 11. Rad1 Qc7 12. e4 dxe4 13. Nxe4 Nxe4 14. Qxe4 Nf6
15. Qc2 Rfd8 16. Rfe1 h6 17. c5 Nd5 18. a3 Bf6 19. Nd2 b5 20. Ne4 Be7 21. Nd2
Bf6 22. Qe4 Rd7 23. h4 Rcd8 24. Nf3 a5 25. Bf1 h5 26. Ne5 Re7 27. Bd3 g6 28. g4
Bg7 29. gxh5 Nf6 30. Qf3 Nxh5 31. Be4 Bxe5 32. dxe5 Red7 33. Rd6 Rc8 34. Red1
Re7 35. Bc1 f5 36. exf6 Rf7 37. Bb2 Rcf8 38. Bxg6 Rg7 39. Qxh5 1-0

[Event "SV Wattenscheid 3 - SV Eichlinghofen 1"]
[Site "Verbandsklasse - Gruppe 3 202"]
[Date "2022.05.01"]
[Round "8.2"]
[White "Meyer, Juergen"]
[Black "Schuette, Tobias"]
[Result "0-1"]
[WhiteElo "1857"]
[BlackElo "2021"]
[PlyCount "22"]
[EventDate "2022.??.??"]
[WhiteTeam "SV Wattenscheid 3"]
[BlackTeam "SV Eichlinghofen 1"]

1. d4 Nf6 2. Nf3 g6 3. g3 Bg7 4. Bg2 O-O 5. O-O d6 6. c4 Nc6 7. Nc3 e5 8. h3
exd4 9. Nxd4 Nxd4 10. Qxd4 Re8 11. Be3 Ng4 0-1

[Event "SV Wattenscheid 3 - SV Eichlinghofen 1"]
[Site "Verbandsklasse - Gruppe 3 202"]
[Date "2022.05.01"]
[Round "8.3"]
[White "Brockmann, Michael"]
[Black "Thon, Manfred"]
[Result "1-0"]
[WhiteElo "2050"]
[BlackElo "1837"]
[PlyCount "47"]
[EventDate "2022.??.??"]
[WhiteTeam "SV Eichlinghofen 1"]
[BlackTeam "SV Wattenscheid 3"]

1. d4 Nf6 2. c4 e6 3. Nf3 Bb4+ 4. Nbd2 c5 5. e3 O-O 6. Bd3 d5 7. O-O cxd4 8.
exd4 Nc6 9. c5 b6 10. a3 Bxd2 11. Bxd2 bxc5 12. dxc5 e5 13. Bb5 Qc7 14. Bxc6
Qxc6 15. Nxe5 Qc7 16. Bc3 Re8 17. Qd4 Ne4 18. Nf3 Nxc3 19. Qxc3 Bg4 20. Nd4
Rac8 21. Rfe1 Bd7 22. c6 Rxe1+ 23. Rxe1 Be8 24. b4 1-0

[Event "SV Wattenscheid 3 - SV Eichlinghofen 1"]
[Site "Verbandsklasse - Gruppe 3 202"]
[Date "2022.05.01"]
[Round "8.5"]
[White "Wloka, Sebastian"]
[Black "Schlee, Ulrich"]
[Result "1-0"]
[WhiteElo "1866"]
[BlackElo "1779"]
[PlyCount "115"]
[EventDate "2022.??.??"]
[WhiteTeam "SV Eichlinghofen 1"]
[BlackTeam "SV Wattenscheid 3"]

1. d4 d5 2. c4 e5 3. dxe5 d4 4. Nf3 Nc6 5. g3 Nge7 6. Bg2 Ng6 7. O-O Ngxe5 8.
Nbd2 Be7 9. b3 O-O 10. Bb2 Rb8 11. a3 Bf5 12. b4 Bf6 13. b5 Nxf3+ 14. Nxf3 Na5
15. Bxd4 Nxc4 16. Bxf6 Qxf6 17. Qd4 Qxd4 18. Nxd4 Bd7 19. Rfc1 Nd6 20. Rxc7
Bxb5 21. Nxb5 Nxb5 22. Rxb7 Rxb7 23. Bxb7 Rd8 24. Ba6 Nd4 25. Rc1 g6 26. Rc7
Ra8 27. Kf1 Ne6 28. Rc8+ Rxc8 29. Bxc8 Nc5 30. Bg4 f5 31. Bf3 Kf7 32. Bd5+ Kf6
33. f4 h6 34. Kf2 g5 35. Ke3 Na4 36. Kd4 Nb6 37. e4 fxe4 38. Bxe4 gxf4 39. gxf4
Ke6 40. Kc5 Na4+ 41. Kb4 Nb6 42. Kb5 Nd7 43. Bb7 Nb8 44. Bc8+ Kd6 45. f5 Nc6
46. Ka6 Kc7 47. Bb7 Nd4 48. f6 Kd6 49. f7 Ke7 50. Bd5 Kf8 51. a4 Nc2 52. Kxa7
Nb4 53. Bc4 Nc6+ 54. Kb6 Ne5 55. Bd5 Nd7+ 56. Kc7 Nf6 57. Kd6 Nxd5 58. Kxd5 1-0

[Event "SV Wattenscheid 3 - SV Eichlinghofen 1"]
[Site "Verbandsklasse - Gruppe 3 202"]
[Date "2022.05.01"]
[Round "8.6"]
[White "Kotulla, Guenther"]
[Black "Richter, Jan"]
[Result "0-1"]
[WhiteElo "1717"]
[BlackElo "1852"]
[PlyCount "68"]
[EventDate "2022.??.??"]
[WhiteTeam "SV Wattenscheid 3"]
[BlackTeam "SV Eichlinghofen 1"]

1. e4 c5 2. Nf3 d6 3. d4 cxd4 4. Nxd4 Nf6 5. Nc3 g6 6. Bc4 Bg7 7. O-O O-O 8.
Be3 Ng4 9. Qd2 Nxe3 10. fxe3 Nc6 11. Nd5 Ne5 12. Bb3 b6 13. a4 Bb7 14. a5 bxa5
15. Rxa5 e6 16. Nf4 Qe7 17. Nfxe6 fxe6 18. Rxf8+ Bxf8 19. Nxe6 Kh8 20. Qd4 Bg7
21. Nxg7 Kxg7 22. Rxa7 Rxa7 23. Qxa7 Kf6 24. Bd5 Bxd5 25. Qxe7+ Kxe7 26. exd5
Nc4 27. Kf2 Nxb2 28. Ke2 Kf6 29. Kd2 Ke5 30. Kc3 Na4+ 31. Kb4 Nc5 32. c4 Ke4
33. Kb5 Kxe3 34. Kc6 Ne4 0-1